<?xml version="1.0" encoding="UTF-8"?>
<marc:record xmlns:marc="http://www.loc.gov/MARC21/slim">
   <marc:leader>00000nam a2200000 a 4500</marc:leader>
   <marc:datafield ind1=" " ind2=" " tag="653">
      <marc:subfield code="a">Österreich</marc:subfield>
   </marc:datafield>
   <marc:datafield ind1=" " ind2=" " tag="653">
      <marc:subfield code="a">Migration</marc:subfield>
   </marc:datafield>
   <marc:datafield ind1=" " ind2=" " tag="653">
      <marc:subfield code="a">Flucht</marc:subfield>
   </marc:datafield>
   <marc:datafield ind1=" " ind2=" " tag="653">
      <marc:subfield code="a">Asyl</marc:subfield>
   </marc:datafield>
   <marc:datafield ind1=" " ind2=" " tag="653">
      <marc:subfield code="a">Flüchtling</marc:subfield>
   </marc:datafield>
   <marc:datafield ind1=" " ind2=" " tag="653">
      <marc:subfield code="a">Integration</marc:subfield>
   </marc:datafield>
   <marc:datafield ind1="0" ind2="0" tag="245">
      <marc:subfield code="a">Dorthin kann ich nicht zurück</marc:subfield>
   </marc:datafield>
   <marc:datafield ind1="0" ind2="0" tag="245">
      <marc:subfield code="b">Flüchtlinge erzählen</marc:subfield>
   </marc:datafield>
   <marc:datafield ind1=" " ind2="1" tag="264">
      <marc:subfield code="b">Promedia</marc:subfield>
      <marc:subfield code="c">2016</marc:subfield>
   </marc:datafield>
   <marc:datafield ind1="1" ind2=" " tag="520">
      <marc:subfield code="a">Mit einem Koffer vor der Tür. (BO) Könnte ich irgendwann nach Hause zurück? Wie fühlt es sich an, wenn die Antwort auf diese Überlegung nein lautet? Wie geht es Flüchtlingen in Europa, die nie mehr in ihre Heimat zurückkehren können? Im Buch "Dorthin kann ich nicht zurück" erzählen 25 Asylsuchende aus Afghanistan, Eritrea, Ghana, Guinea, dem Kongo, Senegal, dem Iran und anderen Ländern ihre ganz persönliche Fluchtgeschichte. Angenehm dabei ist die zweite Person, Begleitperson will ich sie nennen, die dem Erzähler/der Erzählerin zuhört und alles aufzeichnet. Entstanden sind Kindheits-, Flucht- und Lebensgeschichten, die Einblick gewähren in geografische, ethnologische und religiöse Besonderheiten des jeweiligen Landes. Ideal ergänzt wird das Buch durch Schwarz-Weiß-Fotos und hilfreiche Informationen zur rechtlichen Lage von Asylwerbern in Österreich, Deutschland und der Schweiz. Die AutorInnen haben einen wichtigen Beitrag dazu geleistet, dem inflationär gebrauchten Wort Flüchtlingskrise etwas entgegenzusetzen. Die Erzählenden werden namentlich genannt und erhalten somit einen Teil ihrer Menschenwürde zurück. Dieses zeitgeschichtliche Dokument empfehle ich allen Bibliotheken!</marc:subfield>
   </marc:datafield>
   <marc:datafield ind1="3" ind2=" " tag="024">
      <marc:subfield code="a">9783853713396</marc:subfield>
   </marc:datafield>
</marc:record>
